000 01357cam a22003737a 4500
003 CHAP
005 20220817043553.0
008 990817d1999 mx r 00110 spa d
010 _a78749
011 _a79721
035 _a90114
040 _cCHAP
090 _aTesis
100 0 0 _aDomínguez Romero, Patricia.
_933882
245 1 0 _aAplicación de los modelos de nerlove a la demanda de semilla certificada de maíz en México (1970-1995)
_c/por Patricia Domínguez Romero
260 _aChapingo, Méx. :
_bEl autor,
_c1999.
300 _a91 h.
502 _aTesis (M.C. en Economía del Desarrollo Rural) -- UACH. División de Ciencias Económico Administrativas
590 _aALEPH
_b10
_c20130110
_lUCH01
_h1430
590 _aBATCH-UPD
_b10
_c20130110
_lUCH01
_h0338
590 _aBATCH-UPD
_b10
_c20130410
_lUCH01
_h0012
590 _aBATCH-UPD
_b10
_c20130914
_lUCH01
_h1219
590 _aCONVERSION
_b10
_c20130109
_lUCH01
_h1344
650 1 4 _aMaíz
_xSemilla.
_971059
650 1 4 _aMaíz
_zMéxico.
_971098
650 1 4 _aSemillas
_xCertificación.
_9103883
650 1 4 _aSemillas
_xMejoramiento.
901 _aBK
905 _aLilia Sánchez G.
942 _cFOLL
949 _bBC
_cTES
_d33724000727533
_eTS2
_fc.2
_h34232
_i90114
_si
949 _bBC
_cTES
_d33724000764627
_eTS2
_fc.3
_h36031
_i90114
_sb
949 _bBC
_cTES
_d901141
_eTS1
_h34231
_i90114
_sb
999 _c78749
_d78749